| 000 | 00412nam a22001217a 4500 | ||
|---|---|---|---|
| 082 | _a200 THE | ||
| 100 |
_aShafqat Abbas _970120 |
||
| 245 | _aTH-SOF-1259-Design and Performance Analysis of SPWM and SVPWM Solar Powered based Three Phase Voltage Source Inverter | ||
| 260 |
_aIslamabad _bNUST College of EME _c2016 |
||
| 650 | _a MS-ELECT-71 MSTHESIS | ||
| 700 |
_aSupervisor Dr.Usman Ali _970055 |
||
| 942 | _cCF | ||
| 999 |
_c577154 _d577154 |
||